000 nam a22 7a 4500
999 _c128462
_d128462
008 181030b xxu||||| |||| 00| 0 eng d
020 _a9780998390505
050 _aDT631
_b.B972 2016
100 _aBurrower, Carl P.
_943161
245 _aBetween the Kola forest and the salty sea
_ba history of the Liberian people before 1800
_cCarl Patrick Burrowes
260 _aSouth Carolina
_bKnow Your Self Press
_c2016
300 _axxv, 414p. ;
_c26cm.
651 _aLiberia
_xHistory
_943162
942 _2lcc
_cMONOGRAPH